Γυναίκα, ηγεσία και αειφόρο σχολείο : οι αντιλήψεις των γυναικών στελεχών της δευτεροβάθμιας εκπαίδευσης του Ν. Ηρακλείου για την προώθηση του αειφόρου σχολείου : διπλωματική εργασία [μεταπτυχιακή εργασία]
Saved in:
| Main Author: | |
|---|---|
| Corporate Author: | |
| Other Authors: | |
| Format: | Thesis Book |
| Language: | Greek |
| Published: |
2012
|
| Subjects: | |
| Online Access: | http://hdl.handle.net/11610/15755 |
| Tags: |
Add Tag
No Tags, Be the first to tag this record!
|
MARC
| LEADER | 00000cam a2200000 i 4500 | ||
|---|---|---|---|
| 001 | 1/31421 | ||
| 008 | 130610s2012 gre d | ||
| 035 | |l 10114734 | ||
| 040 | |a GR-MY-UA |b gre |e aacr | ||
| 041 | 0 | |a gre | |
| 082 | 0 | |a 371.2 |2 (22) | |
| 100 | 1 | |a Θεοδωρομανωλάκη, Μαρία. | |
| 245 | 1 | 0 | |a Γυναίκα, ηγεσία και αειφόρο σχολείο : |b οι αντιλήψεις των γυναικών στελεχών της δευτεροβάθμιας εκπαίδευσης του Ν. Ηρακλείου για την προώθηση του αειφόρου σχολείου : διπλωματική εργασία [μεταπτυχιακή εργασία] / |c Θεοδωρομανωλάκη Μαρία ; επιβλέπουσα: Θεοδωροπούλου Έλενα |
| 260 | |c 2012 | ||
| 300 | |a 195 σ.; |b σχήμ., πίν.; |c 30 εκ. | ||
| 500 | |a Μέλη εξεταστικής επιτροπής: Δημητρίου Αναστασία, Γκασούκα Μαρία | ||
| 502 | |a Διατριβή (μεταπτυχιακή) – Πανεπιστήμιο Αιγαίου, Ρόδος, 2012. | ||
| 504 | |a Βιβλιογραφία: σ. 180-187 | ||
| 650 | 0 | |a School management and organization |z Greece |z Erakleion (Nome) | |
| 650 | 0 | |a Environmental education |z Greece |z Erakleion (Nome) | |
| 650 | 0 | |a School administrators |z Greece |z Erakleion (Nome) | |
| 650 | 0 | |a Educational leadership |z Greece |z Erakleion (Nome) | |
| 650 | 0 | |a Women in education |z Greece |z Erakleion (Nome) | |
| 650 | 0 | 0 | |a Dissertations, Academic |z Greece. |
| 700 | 1 | |a Θεοδωροπούλου, Έλενα Κ. |4 ths | |
| 710 | 2 | |a Πανεπιστήμιο Αιγαίου |b Σχολή Ανθρωπιστικών Επιστημών |b Τμήμα Επιστημών της Προσχολικής Αγωγής και του Εκπαιδευτικού Σχεδιασμού |b Πρόγραμμα Μεταπτυχιακών Σπουδών Περιβαλλοντική Εκπαίδευση. | |
| 852 | |a INST |b RHODES |c DIATR |e 20130610 |h 371.2 ΘΕΟ |p 005400035344 |q 005400035344 |t MTXE |y 23 | ||
| 852 | |a INST |b RHODES |c DIATR |e 20130610 |h 371.2 ΘΕΟ |p 005400035345 |q 005400035345 |t MTXE |y 23 | ||
| 856 | |u http://hdl.handle.net/11610/15755 | ||
| 901 | |a BIBL4-2013-2 | ||
| 909 | |a Ρ |b 176879 | ||
| 909 | |a Ρ |b 176880 | ||
| 924 | |a ΘΕΟΔΩΡΟΜΑΝΩΛΑΚΗ |b ΜΑΡΙΑ |y ΡΟΔΟΣ |z 2012-10 | ||
| 970 | |z 2013/06/10 | ||